| 000 | 00431nam a2200181Ia 4500 | ||
|---|---|---|---|
| 005 | 20250423100711.0 | ||
| 008 | 250422s9999 xx 000 0 und d | ||
| 020 | _a0-89862-921-7 | ||
| 050 | _aRC483.J36/ | ||
| 100 | _aDavid S. Janowsky, MD | ||
| 245 | 0 | _aPsychopharmacology Case Studies | |
| 260 | _aNew York | ||
| 260 | _bThe Guilford Press | ||
| 260 | _c1987 | ||
| 300 | _a259 p | ||
| 650 | _aChemotherapy | ||
| 942 | _cBK | ||
| 999 |
_c34101 _d34101 |
||